Представление документа в формате RUSMARC

ПолеНазваниеЗначение
  Тип записи a
  Библиографический уровень m
001 Контрольный номер UONB/MAIN/1f3c4a4b934a48d09720d5f087925466
005 Дата корректировки 20260422134004.3
010 Индекс ISBN __
b Уточнения в пер.
a ISBN 978-5-392-43952-2
9 Тираж 21500 экз.
100 Данные общей обработки __
a Данные общей обработки 20260402d2025 u u0rusy0189 ca
101 Язык документа 0_
a Язык текста rus
102 Страна публикации __
a Страна публикации RU
105 Кодированные данные (монография) __
a Кодированные данные (монография) a z 001yb
200 Заглавие и сведения об ответственности 1_
a Заглавие Петр I. Начало
210 Выходные данные 1_
d Дата издания 2025
215 Физическое описание __
a Объем 375, [1] с.
c Иллюстрации/тип воспроизводства ил.
461 Уровень набора _0
1 700 1
a Мединский
b В. Р.
g Владимир Ростиславович
1 2001
a Рассказы из русской истории
f Владимир Мединский
g под научной редакцией Ю. А. Никифорова
v Кн. 3
1 2101
a Москва
c Проспект
d 2025-
1 001UONB/MAIN/aba6643918114f109d7e837e7790c733
1 203
a Текст
b визуальный
c непосредственный
1 215
d 22 см
517 Другие варианты заглавия 1_
a Другие варианты заглавия Пётр I. Начало
600 Персоналии _1
a Персоналии (Фамилия) Петр I (имп.)
z Хронологический подзаголовок 1672-1725
606 Тематические рубрики 0_
a Основная рубрика Русское государство
z Хронологическая подрубрика 17-18 вв.
610 Ключевые слова 0_
a Ключевые слова русское государство 17-18 вв.; императоры России; императоры российские; история Российского государства
686 Индексы других классификаций __
2 Код системы rubbk
a Классификационный индекс 63.3(2)511-332
801 Источник записи _0
a Страна RU
b Организация Ульяновская ОНБ
c Дата составления 20260402
g Правила каталогизации RCR
801 Источник записи _1
a Страна RU
b Организация Ульяновская ОНБ
c Дата составления 20260402
g Правила каталогизации RCR
900 Электронные ресурсы __
a Имя электронного ресурса проспект20260093
900 Электронные ресурсы __
a Имя электронного ресурса проспект20260094
901 Тип документа __
t Тип документа n
w Контрольный № источника UONB/MAIN/aba6643918114f109d7e837e7790c733
909 Создатель записи __
a Создатель записи Егорова Э. А.
b Дата создания записи 20260402
910 Корректоры записи __
a Корректор записи Седова
b Дата внесения изменения в запись 20260422